Statistics for Capitals of Saharan Countries

Click here to take the quiz!

General Stats

  • This quiz has been taken 32 times
  • The average score is 9 of 10

Answer Stats

CountryCapital% Correct
AlgeriaAlgiers
100%
MoroccoRabat
100%
LibyaTripoli
100%
TunisiaTunis
100%
EgyptCairo
97%
SudanKhartoum
94%
NigerNiamey
81%
ChadN'Djamena
78%
MaliBamako
72%
MauritaniaNouakchott
72%

Score Distribution

Percentile by Number Answered

Percent of People with Each Score

Your Score History

You have not taken this quiz